000 00620nam a2200217Ia 4500
008 191130s2005##################000#0#eng##
020 _a9780582438019
022 _a2004054811
040 _aACL
_cACL
082 _a320.54 LAW
100 _aLawrence, Paul
245 _aNationalism : history and theory
_cPaul Lawrence
250 _a1st ed
260 _aHarlow, England ; New York
_bPearson Education
_cc2005
300 _a245 p. ; 24 cm
500 _aIncludes bibliographical references and index
650 _aNationalism
990 _a660f3ecdac10000c45d6afd125c73218
991 _a179590
999 _c19029
_d19029